| 000 | 01188nam a22002537a 4500 | ||
|---|---|---|---|
| 005 | 20170124103117.0 | ||
| 010 | _aB-241164 | ||
| 020 |
_c200.00 _a8188457388 |
||
| 035 | _aB-241164 | ||
| 037 | _bCen Lib/Ret | ||
| 040 |
_aDPL _bHN |
||
| 082 |
_a370.82 _bपालीवा |
||
| 100 |
_aपालीवाल, सुभाषिणी _981067 |
||
| 245 |
_aभारत में महिला शिक्षा और साक्षारता / _cसुभाषिणी पालीवाल |
||
| 246 |
_aBharat me mahila shiksha aur saksharta / _bby Subhashini Paliwal |
||
| 260 |
_aनई दिल्ली _bकल्याणी शिक्षा परिषद् _c2007 |
||
| 270 |
_bनई दिल्ली _a3320-21 जटवाड़ा, दरियागंज _e110002 |
||
| 300 |
_a149पृ. _c21सेमी(सजिल्द) |
||
| 650 |
_aमहिला -- शिक्षा _981068 |
||
| 650 |
_aनारी -- समाज वैज्ञानिक अध्य्यन _981069 |
||
| 650 |
_aWomen - Education _98597 |
||
| 650 |
_aWoman - sociological study _981070 |
||
| 942 |
_2ddc _cHN _h370.82 _mपालीवा |
||
| 999 |
_c118601 _d118601 |
||